A motiváció vizsgálata egy elhúzódó, bizonytalan vállalati helyzetben

Bibliográfiai részletek
Szerző: Iváncza Rita
További közreműködők: Iványuk Áron Norbert
Dokumentumtípus: Záródolgozat
Kulcsszavak:Adler
gazdasági társaságok megszűnése
individuálpszichológia
motiváció
munkapszichológia
Online Access:http://dolgozattar.uni-bge.hu/59876

MARC

LEADER 00000nta a2200000 i 4500
001 dolg59876
005 20260409145702.0
008 260409suuuu hu o 000 hun d
040 |a BGE Dolgozattár Repozitórium  |b hun 
041 |a hu 
100 1 |a Iváncza Rita 
245 1 2 |a A motiváció vizsgálata egy elhúzódó, bizonytalan vállalati helyzetben  |c Iváncza Rita  |h [elektronikus dokumentum] 
516 |a Final_paper 
520 3 |a A szakdolgozat egy megszűnő állami vállalat dolgozóinak helyzetét, motivációját és megküzdési stratégiáit elemzi az adleri individuálpszichológia elsődleges prioritásai (kontroll, tetszés, kényelem, felsőbbrendűség) és a motivációelméletek tükrében. Kvantitatív (APPA, Csendes kilépés kérdőív) és kvalitatív (félig struktúrált személyes interjúk) módszereket alkalmaz. Az eredmények feltárják az adleri prioritások és a megszűnéssel kapcsolatos megküzdési stratégiák kapcsolatát. A bizonytalanság és a vezetés kommunikációjának hiánya általánosan demotiváló, de az egyéni reakciók és a motiváció szintje típusfüggő különbségeket mutat. 
695 |a Adler 
695 |a gazdasági társaságok megszűnése 
695 |a individuálpszichológia 
695 |a motiváció 
695 |a munkapszichológia 
700 1 |a Iványuk Áron Norbert  |e ths 
856 4 0 |u http://dolgozattar.uni-bge.hu/59876/1/SZAKDOLGOZAT_final.pdf  |z Dokumentum-elérés 
856 4 0 |u http://dolgozattar.uni-bge.hu/59876/2/7.-titkositasi-kerelem-2020%20MH_al%C3%A1%C3%ADrt.pdf  |z Dokumentum-elérés 
856 4 0 |u http://dolgozattar.uni-bge.hu/59876/3/MH%20b%C3%ADr%C3%A1lati%20lap%202025%20IR.pdf  |z Dokumentum-elérés 
856 4 0 |u http://dolgozattar.uni-bge.hu/59876/4/Iv%C3%A1ncza%20Rita%20b%C3%ADr%C3%A1lat%20MH.pdf  |z Dokumentum-elérés